[Event "IECG QN.2004.0.00318"]
[Site "IECG email"]
[Date "2004.03.25"]
[Round "?"]
[White "Arif, Laith"]
[Black "Wurdock, Robert C"]
[Result "1-0"]
[WhiteElo "800"]
[BlackElo "800"]
[PlyCount "57"]
[EventDate "2004.03.25"]
[EventType "tourn (corr)"]
[EventRounds "6"]
[SourceTitle "Corr 2008"]
[Source "ChessBase"]
[SourceDate "2008.06.24"]
[SourceVersion "1"]
[SourceVersionDate "2008.06.24"]
[SourceQuality "1"]

1. d4 d5 2. c4 Nf6 3. Nf3 Nc6 4. Nc3 e6 5. Bg5 Be7 6. e3 h6 7. Bxf6 Bxf6 8. Bd3 0-0 9. 0-0 a6 10. Rc1 Nb4 11. a3 Nc6 12. Re1 Qd6 13. c5 Qe7 14. Bb1 e5 15. Nxd5 Qd7 16. Qd3 g6 17. Nxf6+ Kg7 18. Nxd7 Bxd7 19. d5 Ne7 20. d6 Nf5 21. e4 Nd4 22. Nxe5 Bb5 23. Qxd4 Kh7 24. dxc7 Rac8 25. Nd7 Rfd8 26. Nf6+ Kh8 27. cxd8Q+ Rxd8 28. Qxd8+ Kg7 29. Qe7 1-0

[Event "IECG QN.2004.0.00318"]
[Site "IECG email"]
[Date "2004.03.25"]
[Round "?"]
[White "Gabbarrini, Roberto"]
[Black "Wurdock, Robert C"]
[Result "1-0"]
[WhiteElo "800"]
[BlackElo "800"]
[PlyCount "33"]
[EventDate "2004.03.25"]
[EventType "tourn (corr)"]
[EventRounds "6"]
[SourceTitle "Corr 2008"]
[Source "ChessBase"]
[SourceDate "2008.06.24"]
[SourceVersion "1"]
[SourceVersionDate "2008.06.24"]
[SourceQuality "1"]

1. e4 e5 2. Nf3 d6 3. d4 a6 4. Nc3 Nc6 5. Bc4 Be6 6. Bxe6 fxe6 7. 0-0 Nf6 8. dxe5 dxe5 9. Bg5 h6 10. Qxd8+ Rxd8 11. Rfd1 Nd4 12. Bxf6 gxf6 13. Rd2 Rg8 14. Rad1 c5 15. Nxd4 cxd4 16. Ne2 f5 17. f3 1-0

[Event "IECG QN.2004.0.00318"]
[Site "IECG email"]
[Date "2004.03.25"]
[Round "?"]
[White "Venturas, Bob"]
[Black "Wurdock, Robert C"]
[Result "1-0"]
[WhiteElo "685"]
[BlackElo "800"]
[PlyCount "37"]
[EventDate "2004.03.25"]
[EventType "tourn (corr)"]
[EventRounds "6"]
[SourceTitle "Corr 2008"]
[Source "ChessBase"]
[SourceDate "2008.06.24"]
[SourceVersion "1"]
[SourceVersionDate "2008.06.24"]
[SourceQuality "1"]

1. e4 e5 2. Nf3 d6 3. h3 Nc6 4. Nc3 Be6 5. d4 h6 6. Bb5 a6 7. Ba4 Nf6 8. Be3 Qd7 9. d5 Nxd5 10. exd5 Bf5 11. dxc6 bxc6 12. Qd2 0-0-0 13. Nd5 Be4 14. c4 Be7 15. Qa5 Kb7 16. 0-0-0 Ka8 17. Qxa6+ Kb8 18. Bxc6 Qe6 19. Qb7# 1-0